करुणाशील हृदय (Record no. 47741)
[ view plain ]
| 000 -LEADER | |
|---|---|
| fixed length control field | 00476nam a22001697a 4500 |
| 008 - FIXED-LENGTH DATA ELEMENTS--GENERAL INFORMATION | |
| fixed length control field | 230627b |||||||| |||| 00| 0 eng d |
| 020 ## - INTERNATIONAL STANDARD BOOK NUMBER | |
| International Standard Book Number | 81-7621-031-5 |
| 040 ## - CATALOGING SOURCE | |
| Original cataloging agency | National Science Library |
| Transcribing agency | National Science Library |
| 080 ## - UNIVERSAL DECIMAL CLASSIFICATION NUMBER | |
| Universal Decimal Classification number | 177.7 |
| Item number | N8 |
| 100 ## - MAIN ENTRY--PERSONAL NAME | |
| Personal name | Lama, Dalai |
| 9 (RLIN) | 12377 |
| 245 ## - TITLE STATEMENT | |
| Title | करुणाशील हृदय |
| 246 ## - VARYING FORM OF TITLE | |
| Title proper/short title | karunasheel hridaya |
| 260 ## - PUBLICATION, DISTRIBUTION, ETC. | |
| Place of publication, distribution, etc. | Delhi: |
| Name of publisher, distributor, etc. | Full Circle, |
| Date of publication, distribution, etc. | 1998 |
| 300 ## - PHYSICAL DESCRIPTION | |
| Extent | 167p. |
| 365 ## - TRADE PRICE | |
| Price amount | 125.00 |
| Currency code | INR |
| 942 ## - ADDED ENTRY ELEMENTS (KOHA) | |
| Source of classification or shelving scheme | Universal Decimal Classification |
| Koha item type | Hindi Books |
No items available.